000 01667cab a2200265 i 4500
001 768714001
003 CO-MdFUSB
005 20230111175041.0
008 220319s2010 gt ||||| |||| 00| 0 spa d
022 _a10149341
040 _aCO-MdFUSB
_bspa
_cCO-MdFUSB
_dCO-MdFUSBC
_erda
041 _aspa
100 _aSánchez, Daniel R.,
_eAutor
245 3 _aEl concepto de la cosmovisión
_c/ Daniel R. Sánchez
300 _aNúmero 47 (Julio - Diciembre, 2010), páginas 79-92
_c; 22 cm
336 _2rdacontent
337 _2rdamedia
338 _2rdacarrier
520 _aLa cosmovisión consiste en las suposiciones, premisas e ideologías de un grupo sociocultural que determinan cómo perciben el mundo. Las cosmovisiones se clasifican de diversas maneras. La gente absorbe su cosmovisión del ambiente en el cual crece, antes de tener la capacidad de evaluarla. Las suposiciones de su cosmovisión generalmente quedan en el subconsciente, aunque son centrales en todos los subsistemas de la cultura. Hay diferencias importantes entre cosmovisión y religión. Las funciones principales de la cosmovisión incluyen explicar, validar, proveer refuerzo psicológico, integrar y adaptar. La comprensión de la cosmovisión es esencial para la comunicación del evangelio, para identificar barreras al evangelio, y para que el misionero transcultural evite presentar el evangelio con la envoltura de su propia cosmovisión.
650 0 _916
_aBiblia
650 0 _9362
_aEvangelización
650 7 _96714
_aAntropología cultural y social
773 _049489
_980009
_tKairós
_gNúmero 47 (Julio - Diciembre, 2010), páginas 79-92
_qpágina 79
942 _cANA
999 _c67494
_d67494